Person to person: communicative speaking and listening skills. Student books 1
Sábháilte in:
| Príomhchruthaitheoirí: | , , |
|---|---|
| Formáid: | LEABHAR |
| Teanga: | Béarla |
| Foilsithe / Cruthaithe: |
Nueva York
Oxford University Press
2005
|
| Eagrán: | 3a. ed |
| Ábhair: | |
| Clibeanna: |
Cuir clib leis
Níl clibeanna ann, Bí ar an gcéad duine le clib a chur leis an taifead seo!
|
MARC
| LEADER | 00000nam a2200000 a 4500 | ||
|---|---|---|---|
| 001 | UCJ0054 | ||
| 003 | CL-VaPUC | ||
| 008 | 060623e20050000US |||||||||||||||||eng|d | ||
| 020 | |a 0194302121 | ||
| 082 | 0 | 4 | |a 428 |b RIC |2 21 |
| 100 | 0 | |a Richards, Jack C |e author |9 500109 | |
| 700 | 0 | |a Bycina, David |e author |9 500110 | |
| 700 | 0 | |a Wisniewska, Ingrid |e author |9 500111 | |
| 245 | 1 | 0 | |a Person to person: communicative speaking and listening skills. Student books 1 |
| 250 | |a 3a. ed | ||
| 300 | |a 124 p | ||
| 942 | |c BK | ||
| 945 | |d 20060623 00:00:00 |a jtorresc | ||
| 260 | |a Nueva York |b Oxford University Press |c 2005 | ||
| 650 | 0 | |a Lengua inglesa |9 318842 | |
| 650 | 0 | |a Enseñanza del inglés |9 367340 | |
| 650 | 0 | |a Libros de texto |9 270019 | |
| 650 | 0 | |a Educación lingüística |9 306506 | |
| 583 | |a last modification |c 20130305 01:01:36 |k Rodrigo Vera | ||
| 999 | |c 317041 |d 317039 | ||
| 952 | |0 0 |1 0 |4 0 |6 428_000000000000000_RIC_2005 |7 0 |8 A |9 392758 |a BIBEDU |b BIBEDU |d 2019-11-22 |i 4236122 |o 428 RIC 2005 |p 4236122 |r 2019-11-22 |w 2019-11-22 |y BK |k LIT | ||